000 00182 a2200097 4500
020 _a078073003990
041 _aspa
100 _aJeanne Betancourt
245 _aPony Pals
942 _cK
999 _c26493
_d26493